[Event "Obro70th Jubilee open Copemhagen CH"]
[Site "Copenhagen"]
[Date "2006.10.21"]
[Round "8"]
[White "Kaaber Hansen, Jacob"]
[Black "Schou Moldt, Thomas"]
[Result "1/2-1/2"]
[WhiteElo "2143"]
[BlackElo "2186"]
[PlyCount "131"]
[EventDate "2006.10.14"]
[EventType "swiss"]
[EventRounds "9"]
[EventCountry "DEN"]

1. e4 e5 2. Nf3 Nc6 3. Bb5 Nge7 4. d4 exd4 5. Nxd4 g6 6. Nxc6 Nxc6 7. Bxc6 bxc6
8. Qd4 f6 9. O-O Bg7 10. Qc4 a5 11. Re1 Ba6 12. Qc5 Bb7 13. Bf4 d6 14. Qc4 Qd7
15. Qb3 Bc8 16. c4 a4 17. Qc2 O-O 18. c5 f5 19. Nc3 fxe4 20. Be3 d5 21. Rad1
Qe7 22. Nxa4 Ba6 23. Bd4 Bxd4 24. Rxd4 Qf6 25. Qd2 Bd3 26. Qe3 Rae8 27. Nc3 Re5
28. Nd1 Rf5 29. b3 g5 30. a4 Qg7 31. b4 g4 32. Rxd3 Rf3 33. Qc1 Rxd3 34. b5
cxb5 35. axb5 Rb8 36. b6 cxb6 37. cxb6 Rxb6 38. Qc8+ Qf8 39. Qxg4+ Rg6 40. Qh5
Qf7 41. Qh4 Qf6 42. Qh5 Qg5 43. Qxg5 Rxg5 44. Ne3 Rd2 45. h4 Re5 46. Ra1 Re6
47. Nf5 h5 48. Ng3 Rf6 49. Rf1 Rf4 50. Nxh5 Rxh4 51. Ng3 Rf4 52. Nh5 Rf5 53.
Ng3 Rf7 54. Nh5 Kh7 55. g3 d4 56. Nf4 Rxf4 57. gxf4 Kg6 58. Ra1 Kf5 59. Kf1 e3
60. fxe3 dxe3 61. Ke1 Ke4 62. Ra8 Kf3 63. Rh8 Re2+ 64. Kf1 Ra2 65. Rh3+ Ke4 66.
Rh8 1/2-1/2

[Event "Obro70th Jubilee open Copemhagen CH"]
[Site "Copenhagen"]
[Date "2006.10.18"]
[Round "5"]
[White "Kaaber Hansen, Jacob"]
[Black "Rosenkilde, Alexander"]
[Result "0-1"]
[WhiteElo "2143"]
[BlackElo "2018"]
[PlyCount "68"]
[EventDate "2006.10.14"]
[EventType "swiss"]
[EventRounds "9"]
[EventCountry "DEN"]

1. e4 c5 2. Nf3 Nc6 3. d4 cxd4 4. Nxd4 Nf6 5. Nc3 e5 6. Ndb5 d6 7. Bg5 a6 8.
Na3 b5 9. Bxf6 gxf6 10. Nd5 f5 11. c3 Bg7 12. exf5 Bxf5 13. Nc2 O-O 14. Nce3
Bg6 15. h4 Be4 16. h5 h6 17. Bd3 Bxd5 18. Nxd5 f5 19. Bc2 Kh8 20. g4 e4 21.
gxf5 Qg5 22. Ne3 Ne7 23. Bxe4 Rae8 24. Qd2 Nxf5 25. Bxf5 Qxf5 26. O-O-O Qxf2
27. Ng4 Qf3 28. Rhg1 Re2 29. Qd3 b4 30. Qxf3 Rxf3 31. Rxd6 bxc3 32. Rxa6 cxb2+
33. Kb1 Rg2 34. Rxh6+ Kg8 0-1

[Event "Obro70th Jubilee open Copemhagen CH"]
[Site "Copenhagen"]
[Date "2006.10.20"]
[Round "7"]
[White "Kaaber Hansen, Jacob"]
[Black "Skovgaard, Tom"]
[Result "1-0"]
[WhiteElo "2143"]
[BlackElo "1992"]
[PlyCount "65"]
[EventDate "2006.10.14"]
[EventType "swiss"]
[EventRounds "9"]
[EventCountry "DEN"]

1. e4 g6 2. d4 Bg7 3. f4 d6 4. Nc3 a6 5. Nf3 b5 6. Be3 Nd7 7. a4 b4 8. Nb1 Bb7
9. Nbd2 c5 10. Bd3 Nh6 11. h3 O-O 12. O-O cxd4 13. Nxd4 Nc5 14. Ra2 e5 15. N4b3
Nxd3 16. cxd3 f5 17. Ra1 exf4 18. Bxf4 Nf7 19. exf5 Bxb2 20. fxg6 hxg6 21. Rb1
Qb6+ 22. Kh1 Qc6 23. Qg4 Bg7 24. Na5 Qd5 25. Nxb7 Qxb7 26. Qxg6 d5 27. Nf3 a5
28. Nd4 Nh8 29. Qg4 Ra6 30. Ne6 Qd7 31. Qxg7+ Qxg7 32. Nxg7 Kxg7 33. Be5+ 1-0

[Event "Obro70th Jubilee open Copemhagen CH"]
[Site "Copenhagen"]
[Date "2006.10.14"]
[Round "1"]
[White "Kaaber Hansen, Jacob"]
[Black "Petersen, Martin Reib"]
[Result "1/2-1/2"]
[WhiteElo "2143"]
[BlackElo "1948"]
[PlyCount "100"]
[EventDate "2006.10.14"]
[EventType "swiss"]
[EventRounds "9"]
[EventCountry "DEN"]

1. e4 c6 2. d4 d5 3. Nc3 dxe4 4. Nxe4 Nd7 5. Bd3 Ngf6 6. Ng5 h6 7. Ne6 Qb6 8.
Nxf8 Nxf8 9. c3 Bg4 10. Ne2 Bh5 11. f3 Bg6 12. Nf4 Bxd3 13. Nxd3 N8d7 14. Be3
Qa5 15. O-O O-O 16. c4 Rad8 17. Qe2 Rfe8 18. Bd2 Qb6 19. Be3 Qa6 20. b3 e5 21.
dxe5 Nxe5 22. Nc5 Qa3 23. Nxb7 Rd7 24. Bc5 Qa6 25. Nd6 Re6 26. Rfd1 Qa5 27. b4
Qc7 28. Ne4 Nxe4 29. fxe4 Rxd1+ 30. Rxd1 Nd7 31. Bf2 Nf6 32. Rd4 Qe7 33. a3
Nxe4 34. Qd3 g6 35. Rd8+ Kh7 36. Qd4 Nf6 37. h3 Re4 38. Qd3 Qe5 39. Qg3 Qxg3
40. Bxg3 Nh5 41. Bf2 Rxc4 42. Bxa7 Rc1+ 43. Kh2 Rc2 44. Bd4 g5 45. Kg1 Nf4 46.
Bf2 Rc1+ 47. Kh2 Rc2 48. Kg3 Rc3+ 49. Kg4 Ne6 50. Bd4 Rc4 1/2-1/2

[Event "Obro70th Jubilee open Copemhagen CH"]
[Site "Copenhagen"]
[Date "2006.10.19"]
[Round "6"]
[White "Kirkegaard, Niels"]
[Black "Petersen, Martin Reib"]
[Result "1/2-1/2"]
[WhiteElo "1995"]
[BlackElo "1948"]
[PlyCount "156"]
[EventDate "2006.10.14"]
[EventType "swiss"]
[EventRounds "9"]
[EventCountry "DEN"]

1. e4 d5 2. exd5 Nf6 3. d4 Nxd5 4. Nf3 g6 5. c4 Nf6 6. Nc3 Bg7 7. Be2 Nbd7 8.
O-O c6 9. Bf4 Nh5 10. Be3 Qc7 11. Qd2 f5 12. Ng5 Ndf6 13. f4 h6 14. Nf3 Ng4 15.
Ne5 Bxe5 16. dxe5 Nxe3 17. Qxe3 Ng7 18. Rf3 Be6 19. Rd1 Kf7 20. Qc5 b6 21. Qb5
Rhd8 22. Qa4 Rxd1+ 23. Qxd1 Rd8 24. Rd3 Rxd3 25. Qxd3 Qd7 26. Qxd7 Bxd7 27. Kf2
Ne6 28. Ke3 g5 29. g3 g4 30. Bd3 Ng7 31. c5 b5 32. Ne2 e6 33. Nd4 Ke7 34. Kd2
Ne8 35. Bf1 Kd8 36. Bg2 Kc7 37. Kc3 a6 38. Kb4 Kb7 39. Ka5 Nc7 40. Nc2 Be8 41.
Nb4 h5 42. Nc2 Bd7 43. Nd4 Be8 44. a3 Bd7 45. Nc2 Be8 46. Nb4 Bd7 47. Bf1 Be8
48. h3 Bd7 49. hxg4 hxg4 50. Be2 Be8 51. Bd1 Bd7 52. Bb3 Bc8 53. Nc2 Bd7 54.
Ne3 Bc8 55. Kb4 Bd7 56. Kc3 Kc8 57. Nc2 Ne8 58. Kb4 Ng7 59. Nd4 Kb7 60. Kc3 Nh5
61. Bxe6 Bxe6 62. Nxe6 Nxg3 63. Kd3 Kc8 64. Nd4 Kd7 65. b4 Nh5 66. Ke3 Ng7 67.
Kf2 Ne6 68. Nxf5 Nxf4 69. Kg3 Nd3 70. Kxg4 Nxe5+ 71. Kf4 Nc4 72. Ke4 Nxa3 73.
Nd4 Nc4 74. Kd3 a5 75. bxa5 Nxa5 76. Kc3 Nc4 77. Kb4 Ne5 78. Nxb5 cxb5 1/2-1/2

[Event "Obro70th Jubilee open Copemhagen CH"]
[Site "Copenhagen"]
[Date "2006.10.14"]
[Round "1"]
[White "Kirkegaard, Niels"]
[Black "Hvenekilde, Jorgen"]
[Result "0-1"]
[WhiteElo "1995"]
[BlackElo "2187"]
[PlyCount "50"]
[EventDate "2006.10.14"]
[EventType "swiss"]
[EventRounds "9"]
[EventCountry "DEN"]

1. e4 e5 2. Nf3 d6 3. Bc4 Nc6 4. O-O Bg4 5. h3 Bh5 6. c3 Nf6 7. d3 Be7 8. Re1
h6 9. Nbd2 Qd7 10. Bb3 g5 11. Nf1 g4 12. hxg4 Bxg4 13. Ne3 Rg8 14. g3 h5 15.
Kg2 h4 16. Rh1 hxg3 17. fxg3 Nh5 18. Nxg4 Qxg4 19. Bxf7+ Kxf7 20. Ng5+ Rxg5 21.
Bxg5 Qxg3+ 22. Kf1 Rf8 23. Bh6 Nf4 24. Qd2 Qf3+ 25. Kg1 Rg8+ 0-1

[Event "Obro70th Jubilee open Copemhagen CH"]
[Site "Copenhagen"]
[Date "2006.10.22"]
[Round "9"]
[White "Kirkegaard, Niels"]
[Black "Ertbjerg, Andreas Lund"]
[Result "1/2-1/2"]
[WhiteElo "1995"]
[BlackElo "1997"]
[PlyCount "120"]
[EventDate "2006.10.14"]
[EventType "swiss"]
[EventRounds "9"]
[EventCountry "DEN"]

1. e4 e6 2. d4 d5 3. Nc3 Bb4 4. e5 c5 5. a3 Bxc3+ 6. bxc3 Ne7 7. Qg4 Qc7 8.
Qxg7 Rg8 9. Qxh7 cxd4 10. Ne2 Nbc6 11. f4 dxc3 12. Qd3 Bd7 13. Nxc3 a6 14. Rb1
Nf5 15. g4 Rxg4 16. Bh3 Nxe5 17. fxe5 Qxe5+ 18. Kf2 Rc4 19. Bd2 Nd4 20. Rhg1
Qf6+ 21. Kg2 O-O-O 22. Kh1 Rh8 23. Rg3 Bc6 24. Rf1 Qe5 25. Rxf7 Qh5 26. Rfg7
Nf5 27. Rg8+ Kd7 28. Rxh8 Nxg3+ 29. Qxg3 Qxh8 30. Bg2 Qd4 31. Be1 Qf6 32. h4 d4
33. Bxc6+ Rxc6 34. Qd3 e5 35. Ne4 Qf4 36. c4 Qc1 37. Qg3 Qxc4 38. Qg7+ Ke6 39.
Qg8+ Kd7 40. Qxc4 Rxc4 41. Kg2 Rc2+ 42. Bd2 Ke6 43. Kf3 Ra2 44. Kg4 Kd5 45. Kf5
Rxa3 46. Nf6+ Kc4 47. h5 Rh3 48. h6 Kd3 49. Bg5 b5 50. Kg4 Rxh6 51. Bxh6 b4 52.
Nd7 b3 53. Nxe5+ Kc3 54. Nf3 b2 55. Nd2 a5 56. Kf3 a4 57. Nb1+ Kc2 58. Na3+ Kb3
59. Bf8 Ka2 60. Ke4 b1=Q+ 1/2-1/2

[Event "Obro70th Jubilee open Copemhagen CH"]
[Site "Copenhagen"]
[Date "2006.10.19"]
[Round "6"]
[White "Kiss, Judit"]
[Black "Mikkelsen, Nikolaj"]
[Result "0-1"]
[WhiteElo "2118"]
[BlackElo "2260"]
[PlyCount "64"]
[EventDate "2006.10.14"]
[EventType "swiss"]
[EventRounds "9"]
[EventCountry "DEN"]

1. e4 c5 2. Nf3 d6 3. d4 cxd4 4. Nxd4 Nf6 5. Nc3 a6 6. Be3 e6 7. f3 b5 8. g4 h6
9. h4 b4 10. Nce2 e5 11. Nb3 Be6 12. Rg1 d5 13. g5 hxg5 14. hxg5 Nh5 15. f4
exf4 16. Nxf4 Nxf4 17. Bxf4 Qb6 18. Qd4 Qxd4 19. Nxd4 Rh4 20. Ne2 Bc5 21. Rg3
dxe4 22. Bg2 Bc4 23. Bxe4 Ra7 24. O-O-O Bxe2 25. Bxb8 Rxe4 26. Bxa7 Bxa7 27.
Rh1 Be3+ 28. Kb1 Ke7 29. g6 f5 30. b3 f4 31. Rg5 Kf6 32. Rd5 f3 0-1

[Event "Obro70th Jubilee open Copemhagen CH"]
[Site "Copenhagen"]
[Date "2006.10.15"]
[Round "2"]
[White "Kiss, Judit"]
[Black "Rasmussen, Allan Stig"]
[Result "1-0"]
[WhiteElo "2118"]
[BlackElo "2394"]
[PlyCount "71"]
[EventDate "2006.10.14"]
[EventType "swiss"]
[EventRounds "9"]
[EventCountry "DEN"]

1. e4 c6 2. d4 d5 3. exd5 cxd5 4. Bd3 Nc6 5. c3 Qc7 6. h3 e6 7. Nf3 Bd6 8. O-O
Nge7 9. Qe2 O-O 10. Re1 f6 11. c4 Bd7 12. Nc3 a6 13. cxd5 exd5 14. Nxd5 Nxd5
15. Qe4 g6 16. Qxd5+ Kg7 17. a3 Rad8 18. Qc4 b5 19. Qc2 Qb7 20. b4 Rc8 21. Qd2
Rf7 22. Be4 Re7 23. Qh6+ Kg8 24. Bb2 Rxe4 25. Rxe4 Bf8 26. Qe3 Nd8 27. Qb3+ Nf7
28. d5 Nd6 29. Rf4 Nc4 30. Bxf6 Qxd5 31. Rd1 Qb7 32. Ng5 Qc6 33. Ba1 Re8 34.
Rf7 Re7 35. Qc3 Ne5 36. Rxe7 1-0

[Event "Obro70th Jubilee open Copemhagen CH"]
[Site "Copenhagen"]
[Date "2006.10.21"]
[Round "8"]
[White "Kiss, Judit"]
[Black "Hvenekilde, Jorgen"]
[Result "1-0"]
[WhiteElo "2118"]
[BlackElo "2187"]
[PlyCount "55"]
[EventDate "2006.10.14"]
[EventType "swiss"]
[EventRounds "9"]
[EventCountry "DEN"]

1. e4 e5 2. Nc3 Bc5 3. Bc4 Nf6 4. d3 c6 5. Be3 Bxe3 6. fxe3 b5 7. Bb3 b4 8. Na4
d6 9. Nf3 Bg4 10. O-O Nbd7 11. Qe1 Rb8 12. Qg3 Bxf3 13. Rxf3 O-O 14. Raf1 d5
15. exd5 Nxd5 16. c4 Ne7 17. c5 Nd5 18. Bxd5 cxd5 19. c6 Nb6 20. Qxe5 Rc8 21.
Nxb6 axb6 22. Rc1 Re8 23. Qd4 Re6 24. Rf5 Rd6 25. Qxb4 Rcxc6 26. Rcf1 f6 27.
Qd4 Qe7 28. Rxd5 1-0

[Event "Obro70th Jubilee open Copemhagen CH"]
[Site "Copenhagen"]
[Date "2006.10.17"]
[Round "4"]
[White "Kiss, Judit"]
[Black "Hansen, Alexei"]
[Result "1-0"]
[WhiteElo "2118"]
[BlackElo "2136"]
[PlyCount "77"]
[EventDate "2006.10.14"]
[EventType "swiss"]
[EventRounds "9"]
[EventCountry "DEN"]

1. e4 c5 2. Nf3 Nc6 3. d4 cxd4 4. Nxd4 Nf6 5. Nc3 d6 6. Be3 e5 7. Nb3 Be7 8. f3
Be6 9. Nd5 Bxd5 10. exd5 Nb4 11. c4 a5 12. a3 Na6 13. Bd3 O-O 14. O-O Qc7 15.
Nd2 Nc5 16. Bc2 b5 17. Rc1 Qb7 18. Bxc5 dxc5 19. Be4 Nxe4 20. Nxe4 f5 21. d6
fxe4 22. dxe7 Rfe8 23. Qd5+ Qxd5 24. cxd5 Rxe7 25. fxe4 Rc8 26. Rc2 c4 27. Rd1
Rd7 28. Kf2 Kf7 29. Rdc1 Rdc7 30. b3 c3 31. Ke3 b4 32. Kd3 Ke7 33. Ra1 Kd6 34.
axb4 axb4 35. Ra6+ Kc5 36. Rca2 Rb7 37. Re6 Rb6 38. Rxe5 Rb5 39. Ra6 1-0

[Event "Obro70th Jubilee open Copemhagen CH"]
[Site "Copenhagen"]
[Date "2006.10.20"]
[Round "7"]
[White "Larsen, Thomas Gjerken"]
[Black "Moller, Arne"]
[Result "0-1"]
[WhiteElo "2109"]
[BlackElo "1918"]
[PlyCount "66"]
[EventDate "2006.10.14"]
[EventType "swiss"]
[EventRounds "9"]
[EventCountry "DEN"]

1. e4 c5 2. Nf3 d6 3. d4 cxd4 4. Nxd4 Nf6 5. Nc3 a6 6. f4 Bg4 7. Be2 Bxe2 8.
Qxe2 Nc6 9. Be3 Qc7 10. O-O g6 11. Rad1 Bg7 12. h3 O-O 13. Nb3 b5 14. Qf2 Rab8
15. Rfe1 e6 16. Qf3 a5 17. Rd2 Rfd8 18. Red1 Ne8 19. Qe2 Qb7 20. Nd4 b4 21. Na4
Nf6 22. Qf3 Ne7 23. e5 Ne4 24. exd6 Rxd6 25. Rd3 Qd7 26. Nb6 Qb7 27. Nc4 Ra6
28. Ne5 Nc5 29. Qxb7 Rxb7 30. R3d2 Nd5 31. Bf2 Nxf4 32. Nef3 Ne4 33. Re2 Nxe2+
0-1

[Event "Obro70th Jubilee open Copemhagen CH"]
[Site "Copenhagen"]
[Date "2006.10.15"]
[Round "2"]
[White "Larsen, Thomas Gjerken"]
[Black "Ertbjerg, Andreas Lund"]
[Result "0-1"]
[WhiteElo "2109"]
[BlackElo "1997"]
[PlyCount "58"]
[EventDate "2006.10.14"]
[EventType "swiss"]
[EventRounds "9"]
[EventCountry "DEN"]

1. e4 e6 2. d4 d5 3. Nc3 Bb4 4. e5 c5 5. a3 Bxc3+ 6. bxc3 Ne7 7. Qg4 Qc7 8. Bd3
cxd4 9. Ne2 dxc3 10. Qxg7 Rg8 11. Qxh7 Nbc6 12. Bf4 Bd7 13. Kf1 d4 14. h4 O-O-O
15. Qe4 Nf5 16. Bg5 Rdf8 17. g4 Nxe5 18. Nxd4 Nxd4 19. Qxd4 f6 20. Bh6 Rxg4 21.
Qxa7 Qc6 22. Bxf8 Qxh1+ 23. Ke2 Qf3+ 24. Kf1 Ra4 25. Qc5+ Bc6 26. Qxc3 Rxh4 27.
Ke1 Nxd3+ 28. cxd3 Rh1+ 29. Kd2 Qxf2# 0-1

[Event "Obro70th Jubilee open Copemhagen CH"]
[Site "Copenhagen"]
[Date "2006.10.18"]
[Round "5"]
[White "Larsen, Thomas Gjerken"]
[Black "Christensen, Christian"]
[Result "1/2-1/2"]
[WhiteElo "2109"]
[BlackElo "2088"]
[PlyCount "86"]
[EventDate "2006.10.14"]
[EventType "swiss"]
[EventRounds "9"]
[EventCountry "DEN"]

1. e4 c5 2. Nf3 Nc6 3. d4 cxd4 4. Nxd4 Nf6 5. Nc3 d6 6. f4 g6 7. Be2 Bg7 8. Nb3
Qb6 9. Bf3 a5 10. Qe2 a4 11. Be3 Qb4 12. a3 axb3 13. axb4 Rxa1+ 14. Nd1 bxc2
15. Qxc2 O-O 16. b5 Na7 17. Bxa7 Rxa7 18. O-O Bd7 19. Nc3 Rc8 20. Qf2 Rca8 21.
Qb6 Be6 22. h3 Nd7 23. Qe3 Nc5 24. e5 Bc4 25. Rd1 Bb3 26. Re1 Ne6 27. Nd5 Bxd5
28. Bxd5 dxe5 29. Bxe6 fxe6 30. fxe5 Ra1 31. Rxa1 Rxa1+ 32. Kf2 Rd1 33. Qc3 Rd5
34. Qc8+ Kf7 35. Qxb7 Bxe5 36. b6 Bd4+ 37. Kf1 Rb5 38. Qd7 Rf5+ 39. Ke1 Bxb6
40. b3 Re5+ 41. Kf1 Rf5+ 42. Ke1 Re5+ 43. Kf1 Rf5+ 1/2-1/2

[Event "Obro70th Jubilee open Copemhagen CH"]
[Site "Copenhagen"]
[Date "2006.10.17"]
[Round "4"]
[White "Larsen, Thomas Gjerken"]
[Black "Hansen, Soren Moller"]
[Result "1-0"]
[WhiteElo "2109"]
[BlackElo "1903"]
[PlyCount "95"]
[EventDate "2006.10.14"]
[EventType "swiss"]
[EventRounds "9"]
[EventCountry "DEN"]

1. e4 g6 2. f4 Bg7 3. Nf3 d6 4. Nc3 Nf6 5. Be2 O-O 6. O-O c5 7. d4 cxd4 8. Nxd4
Nc6 9. Nb3 a6 10. Be3 Bd7 11. Bf3 Rb8 12. Qd2 Bg4 13. Kh1 Bxf3 14. Rxf3 b5 15.
a3 a5 16. Qd3 b4 17. axb4 axb4 18. Nd5 Ng4 19. Nd4 Nxd4 20. Bxd4 e5 21. Ba7 Ra8
22. f5 Qh4 23. h3 Rxa7 24. Rxa7 Nf2+ 25. Rxf2 Qxf2 26. Ra1 b3 27. Qxb3 gxf5 28.
Ne7+ Kh8 29. Nxf5 Qd2 30. Qd3 Qxd3 31. cxd3 Rd8 32. Ra7 Kg8 33. Rb7 Bf8 34. g4
d5 35. Kg2 dxe4 36. dxe4 Rd3 37. h4 h6 38. h5 Rd2+ 39. Kf3 Rd3+ 40. Ke2 Rh3 41.
Rb8 Rh2+ 42. Kf3 Rh3+ 43. Kg2 Rd3 44. Nxh6+ Kg7 45. Nf5+ Kg8 46. h6 Rd2+ 47.
Kf3 Rd3+ 48. Ne3 1-0

[Event "Obro70th Jubilee open Copemhagen CH"]
[Site "Copenhagen"]
[Date "2006.10.18"]
[Round "5"]
[White "Madsen, Poul Henrik"]
[Black "Skovgaard, Peter Nicolai"]
[Result "0-1"]
[WhiteElo "2116"]
[BlackElo "2230"]
[PlyCount "80"]
[EventDate "2006.10.14"]
[EventType "swiss"]
[EventRounds "9"]
[EventCountry "DEN"]

1. d4 Nf6 2. Nf3 c5 3. c3 b6 4. Bf4 Bb7 5. e3 d6 6. dxc5 bxc5 7. Qb3 Qb6 8.
Nbd2 Nbd7 9. Bc4 e6 10. Bxe6 fxe6 11. Qxe6+ Kd8 12. Nc4 Qa6 13. Nxd6 Bxd6 14.
Qxd6 Qxd6 15. Bxd6 Ne4 16. Bf4 Ke7 17. O-O Ndf6 18. Ne5 g5 19. Bg3 Ke6 20. Nf3
g4 21. Nh4 Nxg3 22. hxg3 Rad8 23. Rfd1 Ne4 24. f3 gxf3 25. gxf3 Nxg3 26. Kf2
Nf5 27. Nxf5 Kxf5 28. Rxd8 Rxd8 29. Rh1 Rd2+ 30. Kg3 Kg6 31. Kf4 h5 32. Rg1+
Kh6 33. Rg8 Rd7 34. e4 Rf7+ 35. Ke3 h4 36. f4 Re7 37. e5 h3 38. Kf2 h2 39. Rh8+
Rh7 40. Rxh7+ Kxh7 0-1

[Event "Obro70th Jubilee open Copemhagen CH"]
[Site "Copenhagen"]
[Date "2006.10.16"]
[Round "3"]
[White "Madsen, Poul Henrik"]
[Black "Ertbjerg, Andreas Lund"]
[Result "1-0"]
[WhiteElo "2116"]
[BlackElo "1997"]
[PlyCount "53"]
[EventDate "2006.10.14"]
[EventType "swiss"]
[EventRounds "9"]
[EventCountry "DEN"]

1. d4 Nf6 2. Nf3 d5 3. e3 g6 4. c4 c6 5. Nc3 Bg7 6. cxd5 cxd5 7. Bb5+ Bd7 8.
Qb3 Bxb5 9. Qxb5+ Qd7 10. Ne5 Qxb5 11. Nxb5 Na6 12. Bd2 Nd7 13. Nd3 Nf6 14. Rc1
O-O 15. Ke2 Ne4 16. Nc7 Rac8 17. Nxd5 Bf6 18. f3 Nd6 19. Rxc8 Rxc8 20. e4 Nb5
21. Nxf6+ exf6 22. d5 Nd4+ 23. Ke3 Nc2+ 24. Kf2 Nc5 25. Nxc5 Rxc5 26. Bc3 Kg7
27. Rd1 1-0

[Event "Obro70th Jubilee open Copemhagen CH"]
[Site "Copenhagen"]
[Date "2006.10.22"]
[Round "9"]
[White "Madsen, Poul Henrik"]
[Black "Petersen, Nils"]
[Result "1-0"]
[WhiteElo "2116"]
[BlackElo "2013"]
[PlyCount "71"]
[EventDate "2006.10.14"]
[EventType "swiss"]
[EventRounds "9"]
[EventCountry "DEN"]

1. d4 Nf6 2. Nf3 e6 3. e3 c5 4. Bd3 d5 5. b3 cxd4 6. exd4 Be7 7. O-O O-O 8.
Nbd2 b6 9. Qe2 Nc6 10. a3 Bb7 11. Bb2 h6 12. Ne5 Nxe5 13. dxe5 Nd7 14. b4 a5
15. c3 Qc7 16. f4 Rfe8 17. Rf3 d4 18. Rg3 dxc3 19. Qg4 Bf8 20. Bxc3 axb4 21.
Bxb4 f5 22. exf6 Nxf6 23. Qg6 Bxb4 24. Qxf6 Bc3 25. Qxc3 Qxc3 26. Bh7+ Kxh7 27.
Rxc3 Bd5 28. Nf3 Ra4 29. g3 Rea8 30. Ne5 b5 31. Nd7 b4 32. Rc7 Rxa3 33. Rac1 b3
34. f5 Kh8 35. Rc8+ Kh7 36. Nf6+ 1-0

[Event "Obro70th Jubilee open Copemhagen CH"]
[Site "Copenhagen"]
[Date "2006.10.20"]
[Round "7"]
[White "Madsen, Poul Henrik"]
[Black "Brondum, Eric"]
[Result "1-0"]
[WhiteElo "2116"]
[BlackElo "2175"]
[PlyCount "71"]
[EventDate "2006.10.14"]
[EventType "swiss"]
[EventRounds "9"]
[EventCountry "DEN"]

1. d4 Nf6 2. Nf3 g6 3. c4 Bg7 4. Nc3 d6 5. e4 O-O 6. Be2 e5 7. O-O Nc6 8. d5
Ne7 9. b4 Nh5 10. Re1 f5 11. Ng5 Nf6 12. Bf3 c6 13. Be3 cxd5 14. cxd5 h6 15.
Ne6 Bxe6 16. dxe6 fxe4 17. Nxe4 Nxe4 18. Bxe4 d5 19. Bc2 Qd6 20. Bc5 Qxe6 21.
Bxe7 Qxe7 22. Qxd5+ Kh7 23. Qe4 Qf6 24. Re2 Rf7 25. Rd1 Rc8 26. h4 h5 27. g4
Rxc2 28. Rxc2 Qxh4 29. f3 Rf4 30. Rh2 Qg5 31. Rxh5+ Qxh5 32. gxh5 Rxe4 33.
hxg6+ Kxg6 34. fxe4 Bf8 35. a3 a5 36. Rd8 1-0

[Event "Obro70th Jubilee open Copemhagen CH"]
[Site "Copenhagen"]
[Date "2006.10.21"]
[Round "8"]
[White "Mikkelsen, Nikolaj"]
[Black "Vajda, Szidonia"]
[Result "0-1"]
[WhiteElo "2260"]
[BlackElo "2401"]
[PlyCount "82"]
[EventDate "2006.10.14"]
[EventType "swiss"]
[EventRounds "9"]
[EventCountry "DEN"]

1. e4 e5 2. Nf3 Nc6 3. Bb5 Nf6 4. O-O Nxe4 5. d4 Nd6 6. Bxc6 dxc6 7. dxe5 Nf5
8. Qxd8+ Kxd8 9. Nc3 Ke8 10. h3 Be6 11. g4 Ne7 12. Ng5 Bc4 13. Re1 h6 14. Nge4
Nd5 15. Nd1 Nb4 16. Ne3 Bd5 17. Ng3 Bc5 18. a3 Bxe3 19. axb4 Bxc1 20. Rexc1 Be6
21. Kh2 Ke7 22. Rd1 Rad8 23. Nf5+ Bxf5 24. gxf5 a6 25. c4 g6 26. fxg6 fxg6 27.
f4 Ke6 28. Kg3 g5 29. fxg5 Rxd1 30. Rxd1 hxg5 31. Kg4 Rh4+ 32. Kxg5 Rxh3 33.
Rd8 Kxe5 34. Rb8 b5 35. Rb7 Rg3+ 36. Kh5 Rb3 37. cxb5 cxb5 38. Rxc7 Rxb2 39.
Rc6 Rxb4 40. Rxa6 Kd5 41. Ra1 Re4 0-1

[Event "Obro70th Jubilee open Copemhagen CH"]
[Site "Copenhagen"]
[Date "2006.10.16"]
[Round "3"]
[White "Mikkelsen, Nikolaj"]
[Black "Antoniewski, Rafal"]
[Result "0-1"]
[WhiteElo "2260"]
[BlackElo "2509"]
[PlyCount "122"]
[EventDate "2006.10.14"]
[EventType "swiss"]
[EventRounds "9"]
[EventCountry "DEN"]

1. e4 Nf6 2. Nc3 d5 3. exd5 Nxd5 4. Nxd5 Qxd5 5. Qf3 Qc5 6. c3 e5 7. Bd3 Nd7 8.
Ne2 g6 9. a4 a5 10. O-O Be7 11. Bb5 O-O 12. d4 exd4 13. cxd4 Qb6 14. Bh6 Rd8
15. Rfe1 Nf6 16. Nc3 Bg4 17. Qg3 Be6 18. Bf4 Bd6 19. Be5 Nh5 20. Qg5 Bf8 21. g4
f6 22. Bxf6 Nxf6 23. Qxf6 Bb3 24. Qxb6 cxb6 25. d5 Rac8 26. Re6 Bc5 27. g5 Bd4
28. Rae1 Rf8 29. R1e2 Rf5 30. h4 Rcf8 31. Re8 Bxf2+ 32. Kg2 Bc5 33. Bd7 Rf4 34.
Rxf8+ Kxf8 35. Kg3 Rd4 36. Be6 Bd6+ 37. Kh3 Rd3+ 38. Kg2 Rg3+ 39. Kf2 Rd3 40.
Ne4 Be5 41. Kf1 Bc4 42. Rf2+ Rf3+ 43. Kg2 Rxf2+ 44. Kxf2 Bxb2 45. Ke3 Bb3 46.
Nf6 Ke7 47. Nd7 Ba3 48. Kd4 Kd6 49. Kc3 Bxa4 50. Nxb6 Bb4+ 51. Kc4 Be8 52. Nc8+
Ke5 53. Nb6 Kd6 54. Bg4 Be1 55. Nc8+ Kc7 56. d6+ Kd8 57. Nb6 Bf2 58. Nd5 Bf7
59. Bf3 Bxh4 60. Kb5 Bxg5 61. Kxa5 Kd7 0-1

[Event "Obro70th Jubilee open Copemhagen CH"]
[Site "Copenhagen"]
[Date "2006.10.15"]
[Round "2"]
[White "Mikkelsen, Nikolaj"]
[Black "Pedersen, Thomas Vils"]
[Result "1-0"]
[WhiteElo "2260"]
[BlackElo "2131"]
[PlyCount "81"]
[EventDate "2006.10.14"]
[EventType "swiss"]
[EventRounds "9"]
[EventCountry "DEN"]

1. e4 d5 2. exd5 Qxd5 3. Nc3 Qa5 4. d4 Nf6 5. Nf3 Nc6 6. Bb5 Nd5 7. Bd2 Nxc3 8.
Bxc6+ bxc6 9. Bxc3 Qd5 10. h3 Ba6 11. Qd2 e6 12. Qe3 Be7 13. b3 O-O 14. O-O-O
c5 15. dxc5 Bxc5 16. Qf4 Qf5 17. Qg3 Qg6 18. Qh4 h6 19. Rhe1 Bb7 20. Kb1 Bd6
21. Re3 a5 22. Rd4 f5 23. Ne5 Qg5 24. Qxg5 hxg5 25. Nc4 Bc5 26. Rd7 Rf7 27.
Red3 Bd5 28. Rxf7 Kxf7 29. Ne5+ Ke8 30. Rg3 Be7 31. f4 a4 32. fxg5 axb3 33.
axb3 c5 34. h4 f4 35. Rg4 Be4 36. Rxf4 Bxg2 37. Rf7 c4 38. Rxg7 Bf8 39. Rg8 Rb8
40. Rxf8+ Kxf8 41. Nd7+ 1-0

[Event "Obro70th Jubilee open Copemhagen CH"]
[Site "Copenhagen"]
[Date "2006.10.18"]
[Round "5"]
[White "Mikkelsen, Nikolaj"]
[Black "Hellegaard, Dennis"]
[Result "1-0"]
[WhiteElo "2260"]
[BlackElo "2011"]
[PlyCount "47"]
[EventDate "2006.10.14"]
[EventType "swiss"]
[EventRounds "9"]
[EventCountry "DEN"]

1. e4 c5 2. Nf3 e6 3. d4 cxd4 4. Nxd4 Nf6 5. Nc3 Nc6 6. Ndb5 d6 7. Bf4 e5 8.
Bg5 a6 9. Na3 b5 10. Bxf6 gxf6 11. Nd5 Bg7 12. Bd3 Be6 13. O-O Na5 14. Qf3 Rc8
15. Rfd1 Nb7 16. b4 h5 17. h3 Rg8 18. c4 a5 19. Nxb5 axb4 20. Nxb4 Bxc4 21.
Bxc4 Rxc4 22. Rab1 Qa5 23. Nd5 Qd8 24. Na3 1-0

[Event "Obro70th Jubilee open Copemhagen CH"]
[Site "Copenhagen"]
[Date "2006.10.17"]
[Round "4"]
[White "Moller, Arne"]
[Black "Schmidt, Horst Hubert"]
[Result "0-1"]
[WhiteElo "1918"]
[BlackElo "1996"]
[PlyCount "90"]
[EventDate "2006.10.14"]
[EventType "swiss"]
[EventRounds "9"]
[EventCountry "DEN"]

1. e4 g6 2. d4 Bg7 3. Be3 d6 4. c3 Nf6 5. f3 O-O 6. Ne2 b5 7. Ng3 c6 8. Bd3 e5
9. O-O Be6 10. Nd2 Nbd7 11. Qe2 Nb6 12. b3 a5 13. Rfd1 a4 14. b4 a3 15. d5 cxd5
16. Bxb5 Qc7 17. exd5 Nfxd5 18. Nde4 Rfd8 19. Qf2 Nxe3 20. Qxe3 h6 21. Ne2 f5
22. Nd2 Nd5 23. Qd3 Qb6+ 24. Kh1 Rac8 25. Bc4 Qc6 26. Rac1 Kh7 27. Bb3 Nc7 28.
Bxe6 Nxe6 29. Nb3 d5 30. Na5 Qb6 31. Qb1 e4 32. fxe4 fxe4 33. Rf1 Qe3 34. Rce1
Bxc3 35. Nxc3 Qxc3 36. Rc1 Qd2 37. Nc6 Rf8 38. Rxf8 Rxf8 39. Ne5 Rf2 40. Rg1
Nf4 41. Rc1 Rxg2 42. Rc7+ Kg8 43. Rc8+ Kg7 44. Rc7+ Kf6 45. Nd7+ Kg5 0-1